00530nam a2200181 a 45000010005000000030009000050080041000140400028000550820016000831000027000992450089001262500007002152600035002223000015002574900025002726500025002976500026003225841CO-ViMGA141112s2004 ck r 000 u spa d aCO-ViMGAbspacCO-ViMGA04a923.1 C175m1 aMoragas, Jerónimo de10aDe Carlos I emperador a Carlos II el hechizado : bhistoria humana de una dinastía a2a aBarcelona : bJuventud, c1993 a381 p : il aGrandes biografías14aCARLOS I 1500 - 155814aCARLOS II 1661 - 1699